000 00337nam a2200169Ia 4500
100 _aDanielle/Steel
650 _aFiction
942 _cBK
366 _f20
654 _aFamily album
245 _aFamily Album
260 _bSphers
_c1985
082 _a808.83
_bDAN
300 _a400
546 _aENGLISH
_cComputers
999 _c32088
_d32088